000
00292nam a2200109Ia 4500
008
200302s9999 xx 000 0 und d
100
_a
Rory Hyde
245
_a
Future Practice Conversations from the Edge of Architecture
260
_b
Taylor &Francis Group
260
_c
2012
300
_a
279 P.,
999
_c
3247
_d
3247